000 00844nam0a2200253 4500
001 RU\NLR\bibl\1885750
005 20250616194326.0
010 _a978-5-4275-0007-4
_9200
021 _aRU
_b2012-19105
_91439
035 _a(NLR Aleph) 001875489
090 _a2719217
_c2719217
100 _a20120330d2011 |||y0rusy50 ca
101 0 _arus
102 _aRU
105 _ay |||||||||
200 1 _aДеловое общение: учебно-методическое пособие для всех спец.
210 _aВолгоград
_cИнформресурс
_d2011
215 _d21
700 1 _aХрипунова
_bС В
_4070
801 0 _aRU
_bNLR
_c20120330
_gRCR
801 1 _aRU
_bNLR
_c20120330
942 _cBOOK
980 _aNB